Desarrollo de funciones de movimiento y control de los sensores para una plataforma robótica NAO
Gardado en:
| Autor Principal: | |
|---|---|
| Outros autores: | |
| Formato: | Libro |
| Idioma: | Spanish |
| Publicado: |
[San José], Costa Rica
2014
|
| Materias: | |
| Etiquetas: |
Engadir etiqueta
Sen Etiquetas, Sexa o primeiro en etiquetar este rexistro!
|
MARC
| LEADER | 00000nam a22000007a 4500 | ||
|---|---|---|---|
| 003 | 012059 | ||
| 005 | 20230628135122.0 | ||
| 008 | 150219b2014 cr a|||| |||| 00| ||spa d | ||
| 040 | |c cru CEDI | ||
| 100 | |9 837 |a Solano Ocampo, Andrey, 1992- | ||
| 245 | |a Desarrollo de funciones de movimiento y control de los sensores para una plataforma robótica NAO | ||
| 260 | |a [San José], Costa Rica |c 2014 | ||
| 500 | |a Proyecto de graduación (bachillerato en ingeniería eléctrica)-- Universidad de Costa Rica. Facultad de Ingeniería. Escuela de Ingeniería Eléctrica | ||
| 501 | |a Profesor Guía de IE-0499 Proyecto Eléctrico: Dr. rer. nat. Francisco Siles Canales | ||
| 650 | |x ROBOTICA |x ROBOTS - DISEÑO Y CONSTRUCCION |x INTELIGENCIA ARTIFICIAL |x CONTROL AUTOMATICO |x SENSORES |x SISTEMAS DE CONTROL INTELIGENTE |9 135 | ||
| 700 | |9 712 |a Siles Canales, Francisco 1980- |d Director de Proyecto Eléctrico | ||
| 942 | |c CEDI |h TFG 7225 |6 TFG_7225_000000000000000 | ||
| 999 | |c 13552 |d 13552 | ||
